000 00339nam a2200133Ia 4500
008 151001s9999||||xx |||||||||||||| ||und||
100 _aविलास साळोखे
245 _aमिथुन
250 _a1
260 _bगुरु ओम प्रकाश
260 _c1983
300 _a108
365 _b18
999 _c962397
_d962394